Văn học dân gian Bến Tre Tuyển chọn từ tài liệu sưu tầm điền dã
Gồm: Tục ngữ, câu đố, ca dao dân ca, vè, truyền thuyết, truyện cổ tích, truyện cười, truyện ngụ ngôn tại Bến Tre
Đã lưu trong:
| Hovedforfatter: | |
|---|---|
| Andre forfattere: | |
| Format: | Bog |
| Sprog: | Undetermined |
| Udgivet: |
H.
Khoa học xã hội
2015
|
| Fag: | |
| Online adgang: | http://lrc.tdmu.edu.vn/opac/search/detail.asp?aID=2&ID=26247 |
| Tags: |
Tilføj Tag
Ingen Tags, Vær først til at tagge denne postø!
|
| Thư viện lưu trữ: | Trung tâm Học liệu Trường Đại học Thủ Dầu Một |
|---|
| LEADER | 01333nam a2200229Ia 4500 | ||
|---|---|---|---|
| 001 | TDMU_26247 | ||
| 008 | 210410s9999 xx 000 0 und d | ||
| 082 | |a NULL | ||
| 090 | |b NG527 | ||
| 100 | |a Nguyễn, Ngọc Quang | ||
| 245 | 0 | |a Văn học dân gian Bến Tre | |
| 245 | 0 | |b Tuyển chọn từ tài liệu sưu tầm điền dã | |
| 245 | 0 | |c Nguyễn Ngọc Quang (ch.b), Phan Xuân Viện, Nguyễn Hữu Ái...[và nh.ng.khác] | |
| 260 | |a H. | ||
| 260 | |b Khoa học xã hội | ||
| 260 | |c 2015 | ||
| 300 | |a 839 tr. | ||
| 520 | |a Gồm: Tục ngữ, câu đố, ca dao dân ca, vè, truyền thuyết, truyện cổ tích, truyện cười, truyện ngụ ngôn tại Bến Tre | ||
| 650 | |a Văn hóa dân gian |x Truyện cổ tích, tục ngữ, ca dao, dân ca, câu đố, vè |z Bến Tre (Việt Nam); Truyện cổ tích, tục ngữ, ca dao, dân ca, câu đố, vè |z Bến Tre (Việt Nam); Bến Tre (Việt Nam) |x Văn hóa |x Truyện kể, tục ngữ, ca dao, dân ca, câu đố, vè | ||
| 700 | |a Hội Văn nghệ dân gian Việt Nam | ||
| 856 | |u http://lrc.tdmu.edu.vn/opac/search/detail.asp?aID=2&ID=26247 | ||
| 980 | |a Trung tâm Học liệu Trường Đại học Thủ Dầu Một | ||